MARC details
| 000 -LEADER |
| campo de control de longitud fija |
01383nam a2200325 i 4500 |
| 001 - NÚMERO DE CONTROL |
| campo de control |
16986 |
| 003 - IDENTIFICADOR DE NÚMERO DE CONTROL |
| campo de control |
ES-MaACL |
| 005 - FECHA Y HORA DE LA ÚLTIMA TRANSACCIÓN |
| campo de control |
20250624062846.0 |
| 007 - CAMPO FIJO DE DESCRIPCIÓN FÍSICA--INFORMACIÓN GENERAL |
| campo de control de longitud fija |
t| |
| 008 - DATOS DE LONGITUD FIJA--INFORMACIÓN GENERAL |
| campo de control de longitud fija |
001127s1959 sp ||||1| spa d |
| 080 ## - NÚMERO DE LA CLASIFICACIÓN DECIMAL UNIVERSAL |
| Número de la Clasificación Decimal Universal |
75 Guinovart, Josep (064.39 |
| 100 1# - ENTRADA PRINCIPAL--NOMBRE DE PERSONA |
| Nombre de persona |
Guinovart, Josep. |
| 9 (RLIN) |
60869 |
| 245 10 - MENCIÓN DEL TÍTULO |
| Título |
Guinovart |
| Resto del título |
: [exposición, Sala del Prado del Ateneo de Madrid, 3-16 de abril de 1959] / |
| Mención de responsabilidad, etc. |
[texto de] C. Rodríguez-Aguilera. |
| 260 ## - PUBLICACIÓN, DISTRIBUCIÓN, ETC. |
| Lugar de publicación, distribución, etc. |
Madrid : |
| Nombre del editor, distribuidor, etc. |
Ateneo, |
| Fecha de publicación, distribución, etc. |
1959. |
| 300 ## - DESCRIPCIÓN FÍSICA |
| Extensión |
[32] p. : |
| Otras características físicas |
principalmente il. n. ; |
| Dimensiones |
22 cm. |
| 490 1# - MENCIÓN DE SERIE |
| Mención de serie |
Cuadernos de arte. Colección ordinaria ; |
| Designación de volumen o secuencia |
45 |
| 600 04 - PUNTO DE ACCESO ADICIONAL DE MATERIA--NOMBRE DE PERSONA |
| Nombre de persona |
Guinovart, Josep |
| 9 (RLIN) |
60869 |
| 610 24 - PUNTO DE ACCESO ADICIONAL DE MATERIA--NOMBRE DE ENTIDAD CORPORATIVA |
| Nombre de entidad corporativa o nombre de jurisdicción como elemento de entrada |
Ateneo de Madrid- |
| Subdivisión de forma |
Exposiciones- |
| Subdivisión cronológica |
1950-1959 |
| 9 (RLIN) |
1919 |
| 610 2# - PUNTO DE ACCESO ADICIONAL DE MATERIA--NOMBRE DE ENTIDAD CORPORATIVA |
| Nombre de entidad corporativa o nombre de jurisdicción como elemento de entrada |
Ateneo de Madrid- |
| Subdivisión de forma |
Obras digitalizadas. |
| 9 (RLIN) |
1930 |
| 655 #7 - TERMINO DE INDIZACIÓN--GENERO/FORMA |
| Fuente del término |
tgfbne |
| 9 (RLIN) |
193628 |
| Datos o término principal de género/forma |
Catálogos de exposiciones |
| 700 1# - ENTRADA AGREGADA--NOMBRE PERSONAL |
| Nombre de persona |
Rodríguez Aguilera, Cesáreo. |
| 9 (RLIN) |
98320 |
| 710 2# - ENTRADA AGREGADA--NOMBRE DE ENTIDAD CORPORATIVA |
| Nombre de entidad corporativa o nombre de jurisdicción como elemento de entrada |
Ateneo de Madrid. |
| Unidad subordinada |
Sala del Prado. |
| 9 (RLIN) |
1965 |
| 830 0# - PUNTO DE ACCESO ADICIONAL DE SERIE-TÍTULO UNIFORME |
| Título uniforme |
Cuadernos de arte. Colección ordinaria |
| Designación de volumen o secuencia |
45 |
| 9 (RLIN) |
180064 |
| 852 ## - LOCALIZACIÓN |
| Ubicación |
ES-MaACL |
| Número de control de estantería |
2160-F-18 |
| Sublocalización o colección |
R.129356 |
| Ubicación en estantería |
Depósito folletos |
| Nota libre |
Revisado enlace: 21 de Abril de 2025 |
| 852 ## - LOCALIZACIÓN |
| Ubicación |
ES-MaACL |
| Número de control de estantería |
2190-F-6 |
| Sublocalización o colección |
R.136039 |
| Ubicación en estantería |
Depósito folletos |
| Nota libre |
Revisado enlace: 21 de Abril de 2025 |
| 852 ## - LOCALIZACIÓN |
| Ubicación |
ES-MaACL |
| Número de control de estantería |
G-13294(5) |
| Ubicación en estantería |
Sala Pecera Planta 3 |
| 856 4# - LOCALIZACIÓN Y ACCESO ELECTRÓNICOS |
| Identificador Uniforme de Recursos |
<a href="http://www.ateneodemadrid.com/biblioteca_digital/folletos/CACo-045.pdf">http://www.ateneodemadrid.com/biblioteca_digital/folletos/CACo-045.pdf</a> |
| Texto de enlace |
Ver documento |
| 942 ## - ELEMENTOS DE ENTRADA SECUNDARIOS (KOHA) |
| Fuente del sistema de clasificación o colocación |
Clasificación decimal universal |